[Event "Quebec Classe-ch"]
[Site "Beloeil"]
[Date "1998.10.12"]
[Round "3"]
[White "Mahabir, Hugh"]
[Black "Charbonneau, Pascal"]
[Result "1/2-1/2"]
[WhiteElo "2092"]
[BlackElo "2308"]
[PlyCount "45"]
[EventDate "1998.10.11"]
[EventType "tourn"]
[EventRounds "5"]
[EventCountry "CAN"]
[SourceTitle "EXT 2022"]
[Source "ChessBase"]
[SourceDate "2021.10.06"]
[SourceVersion "1"]
[SourceVersionDate "2021.10.06"]
[SourceQuality "1"]

1. e4 c5 2. c3 Nf6 3. e5 Nd5 4. d4 cxd4 5. Nf3 e6 6. Qxd4 Nc6 7. Qe4 f5 8. exf6 Nxf6 9. Qh4 e5 10. Bg5 d5 11. Bb5 Bd6 12. Nbd2 0-0 13. 0-0 e4 14. Bxc6 bxc6 15. Nd4 c5 16. Nc2 Qe8 17. Ne3 Ba6 18. Rfe1 Bb7 19. Nf5 Bc7 20. Nxg7 Kxg7 21. Qh6+ Kg8 22. Bxf6 Rf7 23. Qg5+ 1/2-1/2

[Event "Maitrise op"]
[Site "Montreal"]
[Date "1996.??.??"]
[Round "5"]
[White "Mahabir, Hugh"]
[Black "Gladu, Pierre"]
[Result "1/2-1/2"]
[WhiteElo "1835"]
[BlackElo "2160"]
[PlyCount "88"]
[EventDate "1996.??.??"]
[EventType "swiss"]
[EventRounds "6"]
[EventCountry "CAN"]
[SourceTitle "EXT 1999"]
[Source "ChessBase"]
[SourceDate "1998.11.16"]
[SourceVersion "1"]
[SourceVersionDate "1998.11.16"]
[SourceQuality "1"]

1. d4 Nf6 2. Nf3 g6 3. Bg5 Bg7 4. e3 0-0 5. Bd3 d6 6. Nbd2 Nbd7 7. 0-0 Qe8 8. c3 h6 9. Bh4 e5 10. Qc2 b6 11. Rfe1 Bb7 12. e4 g5 13. Bg3 Nh5 14. d5 Nf4 15. Bf1 Qe7 16. Nc4 Qf6 17. Ne3 Qg6 18. Nf5 Bf6 19. c4 a5 20. a3 a4 21. Rad1 Rfe8 22. Nd2 Nc5 23. Nb1 Bc8 24. Nc3 Bd7 25. Nb5 Bd8 26. Nc3 f6 27. f3 Kf7 28. Bf2 Nh5 29. Be3 Ng7 30. g4 h5 31. h3 Rh8 32. Rd2 hxg4 33. hxg4 Nxf5 34. exf5 Qh7 35. Rh2 Qxh2+ 36. Qxh2 Rxh2 37. Kxh2 Be7 38. Kg2 c6 39. Rd1 cxd5 40. cxd5 Ra5 41. Be2 Bd8 42. Rh1 Kg7 43. Rd1 Be7 44. Kf2 Bd8 1/2-1/2

[Event "Maitrise op"]
[Site "Montreal"]
[Date "1996.??.??"]
[Round "1"]
[White "Rouleau, Paul"]
[Black "Mahabir, Hugh"]
[Result "1-0"]
[WhiteElo "1865"]
[BlackElo "1835"]
[PlyCount "49"]
[EventDate "1996.??.??"]
[EventType "swiss"]
[EventRounds "6"]
[EventCountry "CAN"]
[SourceTitle "EXT 1999"]
[Source "ChessBase"]
[SourceDate "1998.11.16"]
[SourceVersion "1"]
[SourceVersionDate "1998.11.16"]
[SourceQuality "1"]

1. e4 e6 2. d4 d5 3. e5 c5 4. c3 Nc6 5. Nf3 Qb6 6. Bd3 cxd4 7. cxd4 Bd7 8. 0-0 Nxd4 9. Nxd4 Qxd4 10. Nc3 a6 11. Qe2 Qa7 12. Kh1 Ne7 13. f4 g6 14. Be3 Qb8 15. Rac1 Nf5 16. Bb6 Be7 17. Rfd1 0-0 18. Bxf5 gxf5 19. Rd3 Kh8 20. Qh5 Rg8 21. Nxd5 exd5 22. Rc7 Qe8 23. e6 Bxe6 24. Bd4+ Rg7 25. Rh3 1-0